000 00307nam a22001337a 4500
008 170502b xxu||||| |||| 00| 0 eng d
020 _a9780195138610
041 _aeng
080 _a341
100 _a13
101 _aSHJ
245 _aSENTENCING SANCTION WESTERN COUNTRIES
_cTONRY.M
942 _2udc
_cBK
999 _c12356
_d12356